000 01313nam a2200349 i 4500
001 197667
003 ES-MaACL
005 20250824063104.0
008 250426s2020 sp | |||| 000 f spa
015 _aMON20
017 _aM 24253-2020
_bOficina Depósito Legal Madrid
020 _a9788412252217
035 _a(SpMaBN)a6731693
040 _aSpMaBN
_bspa
_cSpMaBN
_erda
100 1 _aRuiz Villasuso, Carlos,
_d1961-
_9241065
_eaut
245 1 0 _aNarcohisteria :
_bun viaje lírico al negocio de la muerte /
_cCarlos Ruiz Villasuso.
250 _aPrimera edición: octubre 2020
264 1 _aLas Rozas de Madrid :
_bNegra ediciones,
_c[2020].
264 4 _c©2020
300 _a477 páginas ;
_c22 cm.
336 _aTexto
_2rdacontent
337 _asin mediación
_2rdamedia
338 _avolumen
_2rdacarrier
655 7 _aNovelas negras
_2tgfbne
_9226784
655 7 _aNovelas sociales
_2tgfbne
_9234402
852 _aES-MaACL
_cDEPOJ
_jN-10548
_hDonación: José Lázaro García
_xEncuadernación rústica con solapas
_9206671
903 _9234219
_aLázaro García, José
_ednr
942 _cMONOGRAFIA
_n0
999 _c197667
_d197667